| Tag |
First Indicator |
Second Indicator |
Subfields |
| LEADER |
00000cam a22000001a 4500 |
| 001 |
in00003169708 |
| 005 |
20190403203451.0 |
| 006 |
m d f |
| 007 |
cr bn mmmapmmp |
| 008 |
090613s1932 dcu o f000 0 eng d |
| 035 |
|
|
|a cis2007410844
|
| 040 |
|
|
|a UMI
|c UMI
|d UtOrBLW
|
| 043 |
|
|
|a n-us---
|
| 086 |
0 |
|
|a Y 4.J 89/1:D 63/15
|
| 099 |
|
|
|a HRG-1932-HJH-0007
|
| 110 |
1 |
|
|a United States.
|b Congress.
|b House.
|b Committee on the Judiciary.
|b Subcommittee No. 2.
|
| 245 |
1 |
0 |
|a To Incorporate the Disabled American Veterans of the World War :
|b hearings before the United States House Committee on the Judiciary, Subcommittee No. 2 (Judiciary), Seventy-Second Congress, first session, on Apr. 1, 1932.
|
| 264 |
|
1 |
|a Washington :
|b U.S. G.P.O.,
|c 1932.
|
| 300 |
|
|
|a 1 online resource.
|
| 336 |
|
|
|a text
|b txt
|2 rdacontent
|
| 337 |
|
|
|a computer
|b c
|2 rdamedia
|
| 338 |
|
|
|a online resource
|b cr
|2 rdacarrier
|
| 500 |
|
|
|a Record is based on bibliographic data in ProQuest Congressional Hearings Digital Collection. Reuse except for individual research requires license from ProQuest, LLC.
|
| 520 |
|
|
|a Committee Serial No. 7.
|
| 520 |
|
|
|a Considers (72) H.R. 4738.
|
| 538 |
|
|
|a System requirements: PDF reader software.
|
| 500 |
|
|
|a Electronic resource.
|
| 610 |
2 |
0 |
|a Disabled American Veterans of the World War.
|
| 650 |
|
0 |
|a World War, 1914-1918
|x Veterans
|z United States.
|
| 650 |
|
0 |
|a Disabled veterans
|z United States.
|
| 655 |
|
7 |
|a Electronic books.
|2 local
|
| 710 |
2 |
|
|a ProQuest (Firm)
|
| 776 |
0 |
8 |
|i Print version:
|a United States. Congress. House. Committee on the Judiciary. Subcommittee No. 2.
|t To Incorporate the Disabled American Veterans of the World War
|
| 776 |
0 |
8 |
|i Microfiche version:
|a United States. Congress. House. Committee on the Judiciary. Subcommittee No. 2.
|t To Incorporate the Disabled American Veterans of the World War.
|d [Bethesda, Md.] : ProQuest,[2004]
|o CIS Hrgs MF Gp 1--H617-7
|w (ProQuest)cis10303406
|
| 830 |
|
0 |
|a U.S. Congressional Hearings.
|
| 856 |
4 |
0 |
|u http://proxy.library.tamu.edu/login?url=http://congressional.proquest.com/congcomp/getdoc?HEARING-ID=HRG-1932-HJH-0007
|z Connect to the full text of this electronic book
|t 0
|
| 998 |
|
|
|a cis10303406
|
| 999 |
|
|
|a MARS
|
| 999 |
f |
f |
|s 1fe7f2b2-5f26-362d-8ccc-ac5bd9fee870
|i ba150fed-8542-3bf9-b875-c5fa323ac3bc
|t 0
|
| 952 |
f |
f |
|a Texas A&M University
|b College Station
|c Electronic Resources
|d Available Online
|t 0
|e HRG-1932-HJH-0007
|h Other scheme
|
| 998 |
f |
f |
|a HRG-1932-HJH-0007
|t 0
|l Available Online
|